000 05154cam a22008414i 4500
003 PE-LiUPU
005 20250731170450.0
008 150706s2010 mx r 000 0 spa d
020 _a6074480400
020 _a9786074480405
035 _a(Sirsi) i9786074480405
040 _aPE-LiUPU
_bspa
_cPE-LiUPU
_dPE-LiUPU
_erda
049 _aPRUA
082 0 4 _a174.2
_bF83 2010
082 0 4 _a174.2
_bF83
_221
100 1 _aFry, Sara T.,
_eautor.
245 1 0 _aÉtica en la práctica de enfermería :
_buna guía para la toma de decisiones éticas /
_cSara T. Fry, Megan-Jane Johnstone.
264 1 _aMéxico :
_bManual Moderno,
_c2010.
300 _a224 páginas ;
_c23 centímetros
336 _atext
_2rdacontent
337 _aunmediated
_2rdamedia
338 _avolume
_2rdacarrier
505 0 _aFormación y conflicto de valores -- Disciplina de la ética -- Conceptos de ética para la práctica de enfermería -- Estándares de conducta ética en enfermería -- Análisis ético y toma de decisiones en la práctica de enfermería -- Responsabilidades éticas de la enfermera -- Promoción de la salud -- Prevención de las enfermedades -- Recuperar la salud -- Aliviar el sufrimiento -- Ética aplicada a la práctica de enfermería -- Enfermeras y personas -- Enfermeras y práctica -- Enfermeras y la profesión -- Enfermeras y colaboradores.
526 _aSEG68
526 _aSEG70
526 _aSEG69
526 _aSEG67
526 _aSEG43
526 _aP144
526 _aP143
526 _aP131
526 _aP122
526 _aP120
526 _aP117
526 _aP112
526 _aP110
526 _aP106
526 _aP101
526 _aP80
526 _aP59
526 _aP54
526 _aP35
526 _aP33
526 _aP30
541 _g0001-0000123;
541 _g0001-0000123;
541 _g015-0012181;
650 0 4 _aEnfermería Orientación vocacional.
650 0 4 _aEtica de la enfemería.
650 0 4 _aÉtica médica.
700 1 _aJohnstone, Megan-Jane,
_eautor.
910 _agl
_bjv
_clch
_d20101207
942 _2ddc
_cBOOK
949 _a174.2 F83
_wDEWEY
_c1
_i62335
_d2016-3-1
_e2016-2-1
_lCCODEBUL1
_mBUL
_n1
_p30.00
_r0
_sY
_tBOOK
_u2015-7-6
_xSALUD
_PP22
_0COMPRA
_o.STAFF. Colección Ciencias de la Salud
949 _a174.2 F83
_wDEWEY
_c2
_i65091
_lCCODEBUL1
_mBUL
_p69.00
_r0
_sY
_tBOOK
_u2015-7-6
_xSALUD
_PP22
_0COMPRA
_o.STAFF. Colección General
949 _a174.2 F83
_wDEWEY
_c3
_i65092
_lCCODEBUL1
_mBUL
_p69.00
_r0
_sY
_tBOOK
_u2015-7-6
_xSALUD
_PP22
_0COMPRA
_o.STAFF. Colección General
949 _a174.2 F83
_wDEWEY
_c4
_i70383
_lCCODEBUL1
_mBUL
_p42.00
_r0
_sY
_tBOOK
_u2015-7-31
_xSALUD
_PP22
_0COMPRA
_o.STAFF. Colección General
949 _a174.2 F83
_wDEWEY
_c5
_i70384
_d2016-5-6
_e2016-5-3
_lCCODEBUL1
_mBUL
_n1
_p42.00
_r0
_sY
_tBOOK
_u2015-7-31
_xSALUD
_PP22
_0COMPRA
_o.STAFF. Colección General
949 _a174.2 F84 2010
_wDEWEY
_c1
_iFJ03383
_lCCODEBUJ1
_mBUJ
_p38.34
_r0
_sY
_tBOOK
_u2015-10-12
_xSALUD
_PP33
_0COMPRA
_o.STAFF. Colección General Juliaca
949 _a174.2 F84 2010
_wDEWEY
_c2
_iFJ03384
_lCCODEBUJ1
_mBUJ
_p38.34
_r0
_sY
_tBOOK
_u2016-10-26
_xSALUD
_PP22
_0COMPRA
_o.STAFF. Colección General Juliaca
949 _a174.2 F84 2010
_wDEWEY
_c3
_iFJ03385
_lCCODEBUJ1
_mBUJ
_p38.34
_r0
_sY
_tBOOK
_u2016-10-26
_xSALUD
_PP22
_0COMPRA
_o.STAFF. Colección General Juliaca
994 _aC0
_bPEPRU
596 _a1 3
999 _a174.2 F83
_wDEWEY
_c51382
_i62335
_d51382
_e2016-2-1
_f2021-11-3
_g5
_lCCODEBUL1
_mBUL
_n1
_p30.00
_r0
_sY
_tBOOK
_u2015-7-6
_xSALUD
_zP22
_0COMPRA
_o.STAFF. Colección Ciencias de la Salud
999 _a174.2 F83
_wDEWEY
_c2
_i65091
_d2018-8-23
_f2021-11-3
_g5
_lCCODEBUL1
_mBUL
_p69.00
_q2
_r0
_sY
_tBOOK
_u2015-7-6
_xSALUD
_zP22
_0COMPRA
_o.STAFF. Colección Ciencias de la Salud
999 _a174.2 F83
_wDEWEY
_c3
_i65092
_d2018-9-19
_f2021-11-3
_g5
_lCCODEBUL1
_mBUL
_p69.00
_q1
_r0
_sY
_tBOOK
_u2015-7-6
_xSALUD
_zP22
_0COMPRA
_o.STAFF. Colección Ciencias de la Salud
999 _a174.2 F83
_wDEWEY
_c4
_i70383
_f2021-11-3
_g5
_lCCODEBUL1
_mBUL
_p42.00
_r0
_sY
_tBOOK
_u2015-7-31
_xSALUD
_zP22
_0COMPRA
_o.STAFF. Colección Ciencias de la Salud
999 _a174.2 F83
_wDEWEY
_c5
_i70384
_d2016-5-6
_e2016-5-3
_f2021-11-3
_g5
_lCCODEBUL1
_mBUL
_n1
_p42.00
_r0
_sY
_tBOOK
_u2015-7-31
_xSALUD
_zP22
_0COMPRA
_o.STAFF. Colección Ciencias de la Salud
999 _a174.2 F84 2010
_wDEWEY
_c1
_iFJ03383
_f2022-1-17
_g4
_lCCODEBUJ1
_mBUJ
_p38.34
_r0
_sY
_tBOOK
_u2015-10-12
_xSALUD
_PP33
_0COMPRA
_o.STAFF. Colección General Juliaca
999 _a174.2 F84 2010
_wDEWEY
_c2
_iFJ03384
_d2019-6-14
_e2017-8-23
_f2022-1-17
_g4
_lCCODEBUJ1
_mBUJ
_n1
_p38.34
_q2
_r0
_sY
_tBOOK
_u2016-10-26
_xSALUD
_PP22
_0COMPRA
_o.STAFF. Colección General Juliaca
999 _a174.2 F84 2010
_wDEWEY
_c3
_iFJ03385
_d2019-6-19
_e2019-6-16
_f2022-1-17
_g4
_lCCODEBUJ1
_mBUJ
_n1
_p38.34
_q3
_r0
_sY
_tBOOK
_u2016-10-26
_xSALUD
_PP22
_0COMPRA
_o.STAFF. Colección General Juliaca
980 _81
_gALBERTO SANCHEZ Responsable de Automatización